[Event "SRB-Cup"]
[Site "Valjevo"]
[Date "2011.05.21"]
[Round "6.4"]
[White "Pezelj, Sinisa"]
[Black "Mincic, Srbislav"]
[Result "1/2-1/2"]
[WhiteElo "2097"]
[BlackElo "2287"]
[PlyCount "153"]
[EventDate "2011.05.16"]
[EventType "team-swiss"]
[EventRounds "7"]
[EventCountry "YUG"]
[SourceTitle "CBM 142 Extra"]
[Source "ChessBase"]
[SourceDate "2011.06.27"]
[SourceVersion "1"]
[SourceVersionDate "2011.06.27"]
[SourceQuality "1"]
[WhiteTeam "Ivan Kurjacki"]
[BlackTeam "Pirot"]
[WhiteTeamCountry "SRB"]
[BlackTeamCountry "SRB"]

1. e4 e5 2. Nc3 Nf6 3. Nf3 Nc6 4. Bc4 Nxe4 5. Nxe4 d5 6. Bxd5 Qxd5 7. d3 Be6 8. 0-0 f6 9. a3 Be7 10. Be3 Rd8 11. Qe2 0-0 12. b4 Bg4 13. h3 Bh5 14. Ng3 Bxf3 15. Qxf3 Qxf3 16. gxf3 f5 17. b5 Nd4 18. Bxd4 Rxd4 19. Rfe1 Bd6 20. Ne2 Rh4 21. Kg2 Rf6 22. Ng1 Kf7 23. a4 Rg6+ 24. Kf1 Kf6 25. a5 Bc5 26. c3 Rf4 27. a6 b6 28. Rad1 Rh6 29. d4 exd4 30. cxd4 Be7 31. Re3 Kf7 32. Ne2 Rfh4 33. Rc3 Bd6 34. Ng1 Re6 35. Re3 Bf4 36. Rxe6 Kxe6 37. d5+ Kd6 38. Ne2 Be5 39. f4 Rxf4 40. Nxf4 Bxf4 41. Rd4 g5 42. Rc4 Kxd5 43. Rc6 Bd6 44. h4 g4 45. h5 Ke5 46. Rc2 Kd5 47. h6 f4 48. Ke2 Ke4 49. Rc4+ Kd5 50. Kd3 Be5 51. Re4 Ke6 52. Kc4 Kf5 53. Kd5 Bd6 54. Re2 f3 55. Rc2 Bc5 56. Kc6 Bxf2 57. Kb7 g3 58. Kxa7 g2 59. Rxf2 Kf4 60. Kb7 g1Q 61. Rxf3+ Kxf3 62. a7 Ke3 63. a8Q Qg2+ 64. Ka7 Qxa8+ 65. Kxa8 Kd4 66. Kb7 Kc5 67. Kxc7 Kxb5 68. Kd7 Kc5 69. Ke7 b5 70. Kf7 b4 71. Kg7 b3 72. Kxh7 b2 73. Kg8 b1Q 74. h7 Qg6+ 75. Kh8 Qe8+ 76. Kg7 Qe7+ 77. Kg8 1/2-1/2

[Event "SRB-Cup"]
[Site "Valjevo"]
[Date "2011.05.20"]
[Round "5.4"]
[White "Zivkovic, Vladislav"]
[Black "Pezelj, Sinisa"]
[Result "0-1"]
[WhiteElo "2203"]
[BlackElo "2097"]
[PlyCount "86"]
[EventDate "2011.05.16"]
[EventType "team-swiss"]
[EventRounds "7"]
[EventCountry "YUG"]
[SourceTitle "CBM 142 Extra"]
[Source "ChessBase"]
[SourceDate "2011.06.27"]
[SourceVersion "1"]
[SourceVersionDate "2011.06.27"]
[SourceQuality "1"]
[WhiteTeam "Valjevo 2005"]
[BlackTeam "Ivan Kurjacki"]
[WhiteTeamCountry "SRB"]
[BlackTeamCountry "SRB"]

1. Nf3 c6 2. b3 Nf6 3. Bb2 g6 4. g3 Bg7 5. Bg2 0-0 6. 0-0 d5 7. d3 Re8 8. Nbd2 Nbd7 9. Re1 e5 10. e4 d4 11. Nc4 Bf8 12. Qd2 b5 13. Na5 Qc7 14. a4 b4 15. Nc4 c5 16. Qe2 Nb6 17. Nfd2 Bg4 18. Qf1 Be6 19. Nxb6 axb6 20. Bh3 Bh6 21. Nc4 Bxc4 22. dxc4 Bd2 23. Red1 Bc3 24. Bxc3 dxc3 25. Qe2 Rad8 26. f3 Rxd1+ 27. Rxd1 Rd8 28. Rd3 Rd4 29. Bf1 Qd6 30. Qe3 Nd7 31. Kg2 Nb8 32. h4 Nc6 33. Qh6 Na5 34. Qe3 Nxb3 35. h5 Nd2 36. Be2 Nxc4 37. Qg5 Nd2 38. hxg6 hxg6 39. Rxd4 Qxd4 40. Qe7 b3 41. Bb5 bxc2 42. Be8 Qc4 43. Bc6 Qf1+ 0-1

[Event "SRB-Cup"]
[Site "Valjevo"]
[Date "2011.05.16"]
[Round "1.4"]
[White "Ostojic, Nikola"]
[Black "Pezelj, Sinisa"]
[Result "1-0"]
[WhiteElo "2473"]
[BlackElo "2097"]
[PlyCount "73"]
[EventDate "2011.05.16"]
[EventType "team-swiss"]
[EventRounds "7"]
[EventCountry "YUG"]
[SourceTitle "CBM 142 Extra"]
[Source "ChessBase"]
[SourceDate "2011.06.27"]
[SourceVersion "1"]
[SourceVersionDate "2011.06.27"]
[SourceQuality "1"]
[WhiteTeam "Belgrade Lasta"]
[BlackTeam "Ivan Kurjacki"]
[WhiteTeamCountry "SRB"]
[BlackTeamCountry "SRB"]

1. d4 Nf6 2. c4 c6 3. Nc3 d5 4. Nf3 Bf5 5. cxd5 Nxd5 6. g3 e6 7. Bg2 Nd7 8. 0-0 Be7 9. Nd2 Nxc3 10. bxc3 e5 11. e4 Bg6 12. f4 f6 13. fxe5 fxe5 14. Nc4 b5 15. Ne3 Bf6 16. Nf5 Nb6 17. Ba3 Nc4 18. Bc5 Bf7 19. Qf3 Qc7 20. Rad1 0-0-0 21. Nxg7 Bxg7 22. Qxf7 Kb8 23. Qxc7+ Kxc7 24. Rf7+ Rd7 25. Rdf1 Bh6 26. Bh3 Be3+ 27. Kg2 Rxf7 28. Rxf7+ Kb8 29. Bxa7+ Ka8 30. Bc5 Rd8 31. Bd7 Kb7 32. Rxh7 Ra8 33. Be6+ Ka6 34. Bc8+ Ka5 35. Bb7 Rb8 36. Bxc6 Ka4 37. Ra7+ 1-0

[Event "Vojvodina-chT 2nd League"]
[Site "Sombor"]
[Date "2010.10.13"]
[Round "5"]
[White "Pezelj, Sinisa"]
[Black "Marcak, Dejan"]
[Result "1-0"]
[WhiteElo "2146"]
[BlackElo "2154"]
[PlyCount "81"]
[EventDate "2010.10.10"]
[EventType "team-tourn"]
[EventRounds "9"]
[EventCountry "YUG"]
[SourceTitle "CBM 138 Extra"]
[Source "ChessBase"]
[SourceDate "2010.10.29"]
[SourceVersion "1"]
[SourceVersionDate "2010.10.29"]
[SourceQuality "1"]

1. Nf3 c5 2. c4 Nc6 3. Nc3 g6 4. g3 Bg7 5. Bg2 Nf6 6. 0-0 0-0 7. d4 cxd4 8. Nxd4 Ng4 9. e3 Nge5 10. b3 d6 11. Bb2 Bg4 12. f3 Bd7 13. Nd5 a6 14. Qd2 e6 15. Nf4 Qc7 16. Kh1 Rad8 17. Rad1 Bh6 18. Ba3 Ne7 19. Nde2 Nc8 20. Bxd6 Nxd6 21. Qxd6 Qa5 22. b4 Qxa2 23. Qxe5 Qxc4 24. Qa5 g5 25. Nd3 Bb5 26. Ne5 Qc8 27. Qa2 Bg7 28. f4 Qc7 29. Rc1 Qb6 30. Rfe1 Qxe3 31. Nc3 Qb6 32. Nxb5 Qxb5 33. Qc4 gxf4 34. gxf4 Bh6 35. Rg1 Kh8 36. Qc7 Qe8 37. Bxb7 Bxf4 38. Rcf1 Rd4 39. Bc6 Rc4 40. Bxe8 Rxc7 41. Rxf4 1-0

[Event "Vojvodina-chT 2nd League"]
[Site "Sombor"]
[Date "2010.10.10"]
[Round "1"]
[White "Pezelj, Sinisa"]
[Black "Jovic, Stevan"]
[Result "0-1"]
[WhiteElo "2146"]
[BlackElo "2307"]
[PlyCount "116"]
[EventDate "2010.10.10"]
[EventType "team-tourn"]
[EventRounds "9"]
[EventCountry "YUG"]
[SourceTitle "CBM 138 Extra"]
[Source "ChessBase"]
[SourceDate "2010.10.29"]
[SourceVersion "1"]
[SourceVersionDate "2010.10.29"]
[SourceQuality "1"]

1. Nf3 d5 2. c4 c6 3. e3 Nf6 4. Nc3 Bg4 5. Qb3 Qb6 6. Qxb6 axb6 7. cxd5 Bxf3 8. gxf3 Nxd5 9. Nxd5 cxd5 10. Bb5+ Nc6 11. b3 e6 12. Bb2 f6 13. Bd4 Bc5 14. Bxc5 bxc5 15. Rc1 Kd7 16. Rxc5 Kd6 17. d4 Rxa2 18. 0-0 Rha8 19. Ba4 Ra5 20. Rfc1 Rxc5 21. Rxc5 g5 22. Kg2 h5 23. Rc1 Rb2 24. h4 Ne7 25. hxg5 fxg5 26. e4 Nc6 27. e5+ Kc7 28. Kg3 h4+ 29. Kg2 Rd2 30. Bxc6 bxc6 31. Ra1 Kb7 32. Ra4 Rd3 33. Rb4+ Kc7 34. Ra4 Rxb3 35. Ra7+ Rb7 36. Ra8 Rb4 37. Ra7+ Kd8 38. Ra8+ Ke7 39. Ra7+ Kf8 40. Ra8+ Kf7 41. Ra7+ Kg6 42. Re7 Rxd4 43. Rxe6+ Kf5 44. Re8 Rc4 45. e6 Kf6 46. Kf1 d4 47. Ke2 Rc3 48. f4 gxf4 49. Rf8+ Kxe6 50. Rxf4 c5 51. Rxh4 Kd5 52. Rh5+ Kc4 53. f4 Rc2+ 54. Ke1 d3 55. Re5 Kd4 56. Re8 Kc3 57. Re3 Rc1+ 58. Kf2 Kd4 0-1

[Event "Vojvodina-chT"]
[Site "Sombor"]
[Date "2009.10.02"]
[Round "9"]
[White "Pezelj, Sinisa"]
[Black "Strangar, Zlatko"]
[Result "1-0"]
[WhiteElo "2057"]
[BlackElo "2192"]
[PlyCount "107"]
[EventDate "2009.09.27"]
[EventType "team-swiss"]
[EventRounds "11"]
[EventCountry "YUG"]
[SourceTitle "EXT 2012"]
[Source "ChessBase"]
[SourceDate "2011.11.24"]
[SourceVersion "1"]
[SourceVersionDate "2011.11.24"]
[SourceQuality "1"]

1. Nf3 Nf6 2. c4 g6 3. Nc3 Bg7 4. d4 d6 5. g3 0-0 6. Bg2 Nbd7 7. 0-0 e5 8. e3 Re8 9. b4 Qe7 10. a4 Nf8 11. Ba3 e4 12. Nd2 Bf5 13. Rc1 h5 14. Nd5 Nxd5 15. cxd5 Nh7 16. Rc3 Nf6 17. Qb3 Rac8 18. b5 Qd7 19. Rfc1 b6 20. Rc6 Qd8 21. Qc4 Re7 22. Bxd6 cxd6 23. Rxc8 Qxc8 24. Qxc8+ Bxc8 25. Rxc8+ Bf8 26. h3 Kg7 27. Rc6 Nxd5 28. Rxd6 Nc3 29. Rc6 Nxa4 30. Bxe4 Rd7 31. Nc4 f6 32. Bxg6 h4 33. Bf5 Rd5 34. Rc7+ Kh8 35. Rh7+ Kg8 36. Be6+ Kxh7 37. Bxd5 hxg3 38. fxg3 Nc3 39. Bc6 Kg6 40. Kf2 Kf5 41. Kf3 Ke6 42. h4 f5 43. h5 Bg7 44. g4 fxg4+ 45. Kxg4 Bh6 46. e4 Ne2 47. d5+ Kf7 48. Nd6+ Kf6 49. Nf5 Bd2 50. d6 Nf4 51. h6 Kg6 52. d7 Ne6 53. Bd5 Nd8 54. e5 1-0

[Event "Vojvodina-chT"]
[Site "Sombor"]
[Date "2009.09.29"]
[Round "4"]
[White "Pezelj, Sinisa"]
[Black "Radonjanin, Vlastimir"]
[Result "1-0"]
[WhiteElo "2057"]
[BlackElo "2289"]
[PlyCount "68"]
[EventDate "2009.09.27"]
[EventType "team-swiss"]
[EventRounds "11"]
[EventCountry "YUG"]
[SourceTitle "EXT 2012"]
[Source "ChessBase"]
[SourceDate "2011.11.24"]
[SourceVersion "1"]
[SourceVersionDate "2011.11.24"]
[SourceQuality "1"]

1. Nf3 d5 2. c4 e6 3. d4 c6 4. Nc3 dxc4 5. e4 b5 6. a4 Bb4 7. Bd2 Qe7 8. axb5 Bxc3 9. Bxc3 cxb5 10. d5 Nf6 11. d6 Qd8 12. e5 Nd5 13. Ba5 Qd7 14. Nd4 a6 15. Qg4 0-0 16. Bd2 f5 17. Qg5 Bb7 18. Ra3 Nc6 19. Nxc6 Bxc6 20. Be2 Qd8 21. Qh5 Be8 22. Qh3 Qb6 23. Rg3 Ra7 24. Qh4 f4 25. Rh3 Bg6 26. Bg4 Re8 27. Bh5 Qd4 28. Bxg6 Qxe5+ 29. Re3 Qxd6 30. Qxh7+ Kf8 31. Qh8+ Ke7 32. Qxg7+ Kd8 33. Qxa7 fxe3 34. Ba5+ Kc8 1-0

[Event "Vojvodina-chT"]
[Site "Sombor"]
[Date "2009.09.28"]
[Round "2"]
[White "Kostic, V Vladimir"]
[Black "Pezelj, Sinisa"]
[Result "0-1"]
[WhiteElo "2296"]
[BlackElo "2057"]
[PlyCount "70"]
[EventDate "2009.09.27"]
[EventType "team-swiss"]
[EventRounds "11"]
[EventCountry "YUG"]
[SourceTitle "EXT 2012"]
[Source "ChessBase"]
[SourceDate "2011.11.24"]
[SourceVersion "1"]
[SourceVersionDate "2011.11.24"]
[SourceQuality "1"]

1. c4 d6 2. g3 c6 3. Bg2 g6 4. Nc3 Bg7 5. e4 e5 6. Nge2 Ne7 7. d3 0-0 8. Be3 Nd7 9. Qd2 a5 10. h4 Nf6 11. Bg5 Be6 12. Rd1 d5 13. exd5 cxd5 14. b3 d4 15. Ne4 Nxe4 16. Bxe4 Qc7 17. Bh6 f5 18. Bf3 Bd7 19. Bxg7 Kxg7 20. Ng1 Bc6 21. Qe2 Rae8 22. Kf1 e4 23. Bg2 Ng8 24. Nh3 Nf6 25. Qb2 e3 26. Re1 exf2 27. Qxf2 Rxe1+ 28. Qxe1 Re8 29. Qf2 Re3 30. Nf4 Bxg2+ 31. Qxg2 Qe7 32. Qb2 Rf3+ 33. Kg2 Qe3 34. Qxd4 Rxg3+ 35. Kh2 Rh3+ 0-1